2014 UCL starting Lineups - Statistics

General Stats
  • This quiz has been taken 26 times
  • The average score is 14 of 22
Answer Stats
Hint Answer % Correct
GK Casillas
100%
RB Carvajal
95%
CM Modrić
95%
CB Ramos
95%
LW Ronaldo
95%
RW Bale
90%
ST Benzema
90%
GK Courtois
81%
CB Varane
76%
LB Coentrão
71%
CB Godín
71%
LM Koke
71%
CM Di María
67%
CM Gabi
52%
DM Khedira
52%
ST Costa
38%
RB Juanfran
38%
CB Miranda
33%
ST Villa
24%
LB Felipe Luís
14%
CM Tiago
14%
RM Raúl Garcia
5%
No matching quizzes found
Score Distribution
Percent of People with Each Score
Percentile by Number Answered
Your Score History
You have not taken this quiz